Study of some aspects of the American economic assistance programme in India during the Kennedy and Johnson administrations (Record no. 21493)

MARC details
000 -LEADER
fixed length control field 00604nam a2200157Ia 4500
082 ## - DEWEY DECIMAL CLASSIFICATION NUMBER
Classification number TL.0030
100 ## - MAIN ENTRY--AUTHOR NAME
Personal name Lalita Kumari, Volety
245 #0 - TITLE STATEMENT
Title Study of some aspects of the American economic assistance programme in India during the Kennedy and Johnson administrations
260 ## - PUBLICATION, DISTRIBUTION, ETC. (IMPRINT)
Year of publication 1976
Name of publisher University of Bombay
300 ## - PHYSICAL DESCRIPTION
Number of Pages 518p. + C D - 44
650 ## - SUBJECT ADDED ENTRY--TOPICAL TERM
Topical Term INDIA - FOREIGN RELATIONS - UNITED STATES
650 ## - SUBJECT ADDED ENTRY--TOPICAL TERM
Topical Term UNITED STATES - FOREIGN RELATIONS - INDIA//INDIA - FOREIGN RELATIONS - UNITED STATES
650 ## - SUBJECT ADDED ENTRY--TOPICAL TERM
Topical Term ECONOMIC ASSISTANCE, AMERICAN - INDIA
710 ## - ADDED ENTRY--CORPORATE NAME
Corporate name or jurisdiction name as entry element Ramesh Babu, B.
942 ## - ADDED ENTRY ELEMENTS (KOHA)
Koha item type Thesis
Source of classification or shelving scheme Dewey Decimal Classification
Holdings
Withdrawn status Lost status Damaged status Not for loan Home library Current library Date acquired Full call number Accession Number Price effective from Koha item type
        NASSDOC Library NASSDOC Library 08/10/2004 TL.0030 10172 18/04/2019 Thesis